Bài tập phép tính vi phân và tích phân của hàm nhiều biến số Giáo trình cao đẳng sư phạm
שמור ב:
| מחבר ראשי: | |
|---|---|
| מחברים אחרים: | |
| פורמט: | ספר |
| שפה: | Undetermined |
| יצא לאור: |
H.
ĐHSP
2005
|
| נושאים: | |
| גישה מקוונת: | http://lrc.tdmu.edu.vn/opac/search/detail.asp?aID=2&ID=5732 |
| תגים: |
הוספת תג
אין תגיות, היה/י הראשונ/ה לתייג את הרשומה!
|
| Thư viện lưu trữ: | Trung tâm Học liệu Trường Đại học Thủ Dầu Một |
|---|
| LEADER | 00741nam a2200217Ia 4500 | ||
|---|---|---|---|
| 001 | TDMU_5732 | ||
| 008 | 210410s9999 xx 000 0 und d | ||
| 082 | |a 515.076 | ||
| 090 | |b NG525 | ||
| 100 | |a Nguyễn, Mạnh Quý | ||
| 245 | 0 | |a Bài tập phép tính vi phân và tích phân của hàm nhiều biến số | |
| 245 | 0 | |b Giáo trình cao đẳng sư phạm | |
| 245 | 0 | |c Nguyễn Mạnh Quý | |
| 260 | |a H. | ||
| 260 | |b ĐHSP | ||
| 260 | |c 2005 | ||
| 300 | |a 296tr. | ||
| 650 | |a Giải tích học |v Bài tập | ||
| 700 | |a Nguyễn, Xuân Liêm | ||
| 856 | |u http://lrc.tdmu.edu.vn/opac/search/detail.asp?aID=2&ID=5732 | ||
| 980 | |a Trung tâm Học liệu Trường Đại học Thủ Dầu Một | ||